000 00663nam a22002177a 4500
003 UA-OsUOA
001 95932
007 ta
008 20130312b un ||||| |||| 00| 0 ukr d
090 _a821.174
_bЛ27
942 _cBK
040 _aUA-OsUOA
_brus
_cUA-OsUOA
_dUA-OsUOA
245 _aЛатышские дайны
_bиз собрания Кришьяниса Барона
_cсост. Г. Приеде
300 _a254 с.
955 _a3
041 _arus
080 _a821.174
260 _aМ.
_bХудожественная литература
_c1985
650 7 _a82 Література. Літературознавство
_2UDC
999 _c382178
_d382178